000 00753nam a22002297a 4500
999 _c15058
_d15058
003 AR-CdUCM
008 190425b ||||| |||| 00| 0 spa d
020 _a978-612-4163-70-8
040 _aMUNICIPALIDAD PROVINCIAL DEL CUSCO
_cBIBLIOTECA MUNICIPAL DEL CUSCO
082 _aPI / 808.06 /
_bP33
100 _aPaz, Andrea
_924599
245 _aSapo Sarapo /
260 _aLima :
_bEdiciones SM,
_c2016.
300 _bilustraciones,
_c19.5 cm.
_eCD.
440 _aCosas Jocosas.
_934070
500 _aLee - escucha - recicla - crea - juega.
_aEste ejemplar está conformado por dos libros.
650 _aAprendizaje infantil
_933271
700 _aPaz, Claudia
_924600
710 _aCECOSAMI.
_934071
942 _2ddc
_cLIBROS
945 _aachl
_d2019-04-25